| 000 | 00738nam a2200217 i 4500 | ||
|---|---|---|---|
| 003 | IT-RoINE | ||
| 005 | 20160217091747.0 | ||
| 008 | 990701s1956 sp r pdspa d | ||
| 040 |
_aSpMaBN _cCDM IT-RoINE _dIT-RoINE |
||
| 100 | 1 |
_aTorre, Francisco de la, _dca. 1534-ca. 1594 _922633 |
|
| 245 | 1 | 0 |
_aPoesías / _cFrancisco de la Torre ; edición de Alonso Zamora Vicente. |
| 260 |
_aMadrid : _bEspasa-Calpe, _c1956. |
||
| 300 |
_aLX, 209 p. ; _c30 cm. |
||
| 336 |
_2rdacontent _atext |
||
| 337 |
_2rdamedia _aunmediated |
||
| 338 |
_2rdacarrier _avolume |
||
| 490 | 0 |
_aClásicos castellanos ; _v124 |
|
| 700 | 1 |
_aZamora Vicente, Alonso, _d1916-2006 _922521 |
|
| 830 | 0 |
_922520 _aClásicos castellanos (Espasa-Calpe) ; _v124 |
|
| 942 | _cMTS | ||
| 999 |
_c10995 _d10995 |
||